Do Epic Shit (Record no. 369528)

MARC details
000 -LEADER
fixed length control field 00437nam a2200181Ia 4500
003 - CONTROL NUMBER IDENTIFIER
control field OSt
005 - DATE AND TIME OF LATEST TRANSACTION
control field 20260108154937.0
008 - FIXED-LENGTH DATA ELEMENTS--GENERAL INFORMATION
fixed length control field 251219s9999 xx 000 0 und d
020 ## - INTERNATIONAL STANDARD BOOK NUMBER
International Standard Book Number 9789391165482
041 ## - LANGUAGE CODE
Language code of text/sound track or separate title eng
082 ## - DEWEY DECIMAL CLASSIFICATION NUMBER
Classification number 158.1
Item number WAR DB3274
100 ## - MAIN ENTRY--PERSONAL NAME
Personal name Warikoo A
9 (RLIN) 215994
245 ## - TITLE STATEMENT
Title Do Epic Shit
260 ## - PUBLICATION, DISTRIBUTION, ETC. (IMPRINT)
Name of publisher, distributor, etc. Juggernaut Books
Date of publication, distribution, etc. 2021
300 ## - PHYSICAL DESCRIPTION
Extent 293
Other physical details Hard Bound
500 ## - GENERAL NOTE
Keywords Personality Development
942 ## - ADDED ENTRY ELEMENTS (KOHA)
Source of classification or shelving scheme Dewey Decimal Classification
Koha item type Donated Book
Holdings
Withdrawn status Lost status Source of classification or shelving scheme Damaged status Not for loan Home library Current library Date acquired Cost, normal purchase price Total Checkouts Total Renewals Full call number Barcode Date last seen Date last checked out Cost, replacement price Bill Date Koha item type Original Barcode
    Dewey Decimal Classification     Smt. Hiraben Nanavati Institute of Management & Research for Women Smt. Hiraben Nanavati Institute of Management & Research for Women 12/12/2025 399.00 2 1 158.1 WAR DB3274 HIMR-DB-3274 11/03/2026 04/03/2026 399.00 23/12/2025 Donated Book DB3274